[Event "Minsk op"]
[Site "Minsk"]
[Date "2023.11.06"]
[Round "4"]
[White "Matseralnik, Vera"]
[Black "Obukhava, Anastasiya"]
[Result "0-1"]
[WhiteElo "1275"]
[BlackElo "1646"]
[PlyCount "90"]
[EventDate "2023.11.03"]
[EventType "swiss"]
[EventRounds "9"]
[EventCountry "BLR"]
[SourceTitle "CB46_2023"]
[SourceDate "2023.11.15"]
[SourceVersion "1"]
[SourceVersionDate "2023.11.15"]
[SourceQuality "1"]

1. e4 c5 2. Nf3 e6 3. g3 Nc6 4. Bg2 g6 5. c3 Bg7 6. 0-0 Nge7 7. Re1 d6 8. d3 0-0 9. Nbd2 Rb8 10. a4 a6 11. Nf1 b5 12. axb5 axb5 13. Bf4 b4 14. e5 Nd5 15. Bg5 Qd7 16. c4 Nde7 17. N1d2 f5 18. exf6 Bxf6 19. Bxf6 Rxf6 20. Ne4 Rf8 21. d4 cxd4 22. Nxd4 Nd8 23. Nb5 Rxb5 24. cxb5 d5 25. Ng5 Qxb5 26. Bh3 Qb6 27. Qe2 Nf5 28. Bxf5 Rxf5 29. Rec1 Bb7 30. Nf3 d4 31. Nd2 Nf7 32. Ne4 Ne5 33. Nd2 Qd6 34. Ra5 Nf3+ 35. Nxf3 Rxa5 36. Re1 d3 37. Qe3 Qc6 38. Qd4 Qxf3 39. Qd8+ Kg7 40. Qe7+ Qf7 41. Qxb4 Rd5 42. Qc3+ Kg8 43. Re3 d2 44. Rd3 d1R+ 45. Rxd1 Rxd1+ 0-1